01790cam a2200265 a 45000010005000000030006000050050017000110080041000280100017000690200015000860400023001010500015001240820013001391000032001522450080001842600061002643000024003255201027003496500031013766500030014076550029014376550018014666550019014847000021015034362FISKH20240812121326.0960501s1995 nyua 000 1 eng  a 96143477  a0151002177 aDLCcDLCdDLCbeng aPR6029.R8  a823.912 1 aOrwell, George,d1903-1950.10aAnimal farm :ba fairy story /cGeorge Orwell ; pictures by Ralph Steadman. aPhnom Penh : bFootprints International School, c2024.  a52 pages : c21 cm  aGeorge Orwell's classic satire of the Russian Revolution has become an intimate part of our contemporary culture, with its treatment of democratic, fascist, and socialist ideals through an animal fable. The animals of Mr. Jones' Manor Farm are overworked, mistreated, and desperately seeking a reprieve. In their quest to create an idyllic society where justice and equality reign, the animals of Manor Farm revolt against their human rulers, establishing the democratic Animal Farm under the credo, "All Animals Are Created Equal." Out of their cleverness, the pigs Napoleon, Squealer, and Snowball emerge as leaders of the new community. In a development of insidious familiarity, the pigs begin to assume ever greater amounts of power, while other animals, especially the faithful horse Boxer, assume more of the work. The climax of the story is the brutal betrayal of Boxer, when totalitarian rule is reestablished with the bloodstained postscript to the founding slogan: "But Some Animals Are More Equal than Others." 0aDomestic animalsxFiction. 0aTotalitarianismxFiction. 7aPolitical fiction.2lcsh 7aSatire.2lcsh 7aFables.2gsafd1 aSteadman, Ralph.